000 00870nam a2200241 a 4500
001 BRCA_1091
005 20190320203256.0
008 920930s1988 mx-a---##b---#000-0#spa-#
020 _a9682703204
050 4 _aN6553
_b.T39 1988
245 1 0 _aTepotzotlán
_bla vida y la obra en la Nueva España
_cMuseo Nacional del Virreinato.
260 _aMéxico
_bSociedad de Amigos del Museo Nacional de Virreinato
_c1988
300 _a270 p.
_bil. (algunas a color)
_c31 cm.
500 _aTraducción de : ´El hierro armado´ / Gustavo Navarro.
504 _aBibliografía: p. 267-270
610 2 4 _aMuseo Nacional del Virreinato (México)
_93593
650 1 4 _aArte colonial
_zMéxico
_93594
650 1 4 _aArte mexicano
_92321
650 1 4 _aArte
_zMéxico
_93595
700 1 _aNavarro, Gustavo
_93596
710 2 _aMuseo Nacional del Virreinato (México)
_93593
942 _2lcc
_cB
999 _c970
_d970